| 000 | 02768nkm0a2200493 4500 | ||
|---|---|---|---|
| 001 | RU\NLR\DIGIT\132224 | ||
| 005 | 20260409064154.0 | ||
| 035 | _a(NLR Aleph) 010182661 | ||
| 071 | 5 | 0 | _a71 |
| 090 |
_a13488435 _c13488435 |
||
| 100 | _a20130515d1913 u y0rusy50 ca | ||
| 101 | 0 | _arus | |
| 102 | _aRU | ||
| 116 | _aiiycxx bf zz | ||
| 135 | _acrcn 024aaabr | ||
| 181 | 0 |
_ab4 _bxb2e |
|
| 182 | 0 | _an | |
| 200 | 1 |
_a[Охота на лосей _eкалендарная стенка] |
|
| 203 |
_aИзображение _bнеподвижное _bдвухмерное _bвизуальное _cнепосредственное |
||
| 210 |
_a[Москва] _cиздание Т-ва И. Д. Сытина _d1913 _eМосква _gЛитография Т-ва И. Д. Сытина |
||
| 215 |
_a1 л. _cхромолитогр. _d34,5х22 |
||
| 300 | _aНа месте для прикрепления отрывного календаря текст: Отрывной календарь | ||
| 300 | _aВнизу в центре монограмма художника: А. Н. М-кий | ||
| 301 | _aИзд. номер: № 71 | ||
| 325 | _aКопия доступна в Электрон. б-ке РНБ http://vivaldi.nlr.ru/lt000070018/view | ||
| 327 | 0 | _aВверху охотник, притаившийся за елями и стреляющий в бегущих лосей. Внизу лосиные рога и охотничья атрибутика. Орнаментика в стилистике модерна | |
| 606 | 1 |
_aКалендарные стенки _92185775 _3RU\NLR\AUTH\6601550393 |
|
| 606 | 1 |
_aОхота на лося _jКалендарные стенки _92366237 _3RU\NLR\AUTH\661412648 |
|
| 606 | 1 |
_aБыт и нравы _jКалендарные стенки _yРоссия _zнач. 20 в. _92262042 _3RU\NLR\AUTH\6601585989 |
|
| 686 | 1 | _aЩ150.489 | |
| 700 | 1 |
_7ca _8rus _aМ-кий _bА. Н. _cпсевдоним, художник _3RU\NLR\AUTH\770287463 _92688993 |
|
| 712 | 0 | 0 |
_4650 _aСытин, _gИ. Д., _hкнигоиздательство _cМосква _3RU\NLR\AUTH\8810150284 _9795187 |
| 712 | 0 | 0 |
_4610 _aСытин, _gИ. Д., _hкнигоиздательство _cМосква _bТипография _3RU\NLR\AUTH\880382607 _9431490 |
| 801 | 2 |
_aRU _bNLR _c20130515 _2rusmarc |
|
| 852 | 0 | 0 |
_aNLR _bЭ _jПр.гр./К171-Ис533 _mЭаф14666 |
| 856 | 0 | _uhttp://vivaldi.nlr.ru/lt000070018/view | |
| 856 | 1 | _uhttp://vivaldi.nlr.ru/lt000070018/cover | |
| 856 | 2 | _uhttp://vivaldi.nlr.ru/lt000070018/text | |
| 942 | _cVISUAL | ||
| 980 | _aNB | ||
| 981 | 1 | 7 | _a(17) Изографические материалы |